El Asesoramiento en educación /

Guardat en:
Dades bibliogràfiques
Autor principal: Rodríguez Romero, María Mar (autor)
Format: Llibre
Idioma:espanyol
Publicat: Málaga, España : Aljibe, 1996, c1996
Col·lecció:(Biblioteca de Educación Aljibe)
Matèries:
Etiquetes: Afegir etiqueta
Sense etiquetes, Sigues el primer a etiquetar aquest registre!

MARC

LEADER 00000nam^a2200000^a^4500
001 000054921
005 20250521000000.0
009 20260310090529.065
020 |a 84-87767-54-0 
037 |a Acervo ITESO - Biblioteca 
041 |a ESP 
082 |a 371. 202  |b ROD 
100 |a Rodríguez Romero, María Mar  |e (autor) 
245 1 3 |a El Asesoramiento en educación /  |c M.M. Rodríguez Romero. 
264 4 |a Málaga, España :  |b Aljibe,  |c 1996, c1996 
300 |a 115 p. 
336 |a texto  |b txt  |2 rdacontenido 
337 |a sin mediación  |b n  |2 rdamedio 
338 |a volumen  |b nc  |2 rdasoporte 
440 1 |a (Biblioteca de Educación Aljibe) 
649 |a XX 
650 |a Orientación Escolar 
650 |a Supervisión Escolar 
650 |a Formación y Capacitación de Profesores 
650 |a Administración Educativa 
650 |a Psicología Educativa 
650 |a Educación 
910 |a Fondo General 
920 |a Impresos - Libros 
930 |a Colección General 
905 |a 101 
901 |a 0500013798  |b IT1  |c ACC  |u 20250521 
902 |a https://opac.biblio.iteso.mx/vufind/Record/000054921